000 01462nam a2200337 i 4500
999 _c19324
_d19324
001 b38300722
003 WA 310
005 20211201085629.0
007 cr an nnnanaan
008 150612s2013 pl a ou |000 0 eng
020 _a9788327519436
040 _aWA 310/bw
_bpol
_erda
_cWA 310/bw
041 0 _aeng
245 0 0 _aElementy bierne wielkiej częstotliwości (r.f.) i mikrofalowe, pomiar poziomu wzajemnej modulacji - Część 5: Pomiary biernej modulacji wzajemnej w filtrach =
_bPassive RF and microwave devices, intermodulation level measurement - Part 5: Measurement of passive intermodulation in filters PN-EN 62037-5:2013-10E /
_cPolski Komitet Normalizacyjny.
246 1 3 _aPN-EN 62037-5
246 1 3 _aICS 33.040.20
246 3 1 _aPassive RF and microwave devices, intermodulation level measurement - Part 5: Measurement of passive intermodulation in filters
260 _aWarszawa :
_bPolski Komitet Normalizacyjny,
_ccopyright 2013.
300 _a22 strony :
_bilustracje ;
_c30 cm.
500 _aDostępne wyłącznie w formie elektronicznej.
500 _aWprowadza EN 62037-5:2013, IDT ; IEC 62037-5:2013, IDT ; Zastępuje PN-EN 62037:2002 częściowo ; Zatwierdzona 29 października 2013 r.
500 _aNorma Europejska EN 62037-5:2013 [...] ma status Polskiej Normy.
538 _aTryb dostępu: online.
546 _aTekst w języku angielskim, strona tytułowa w języku polskim.
710 1 _aPolska.
_bPolski Komitet Normalizacyjny.
_eWydawca
_4pbl
_91107
942 _2ddc
_cBK